| 000 | 00497nab a2200181 a 4500 | ||
|---|---|---|---|
| 005 | 20210219160020.0 | ||
| 008 | 991125s1985 mx 000 0 spa u | ||
| 035 | _aUPN01000156811 | ||
| 100 | 1 | _aMora Salas, Minor | |
| 222 | _aREVISTA DE CIENCIAS SOCIALES | ||
| 245 | _aAjuste y empleo : notas sobre la precarización del empleo asalariado | ||
| 260 | _aCosta Rica | ||
| 300 | _a27-39 | ||
| 362 | 0 | _a2005 No. 108 (2) | |
| 653 | 0 | _aEMPLEO | |
| 653 | 0 | _aMERCADO LABORAL | |
| 905 | _aArticulo | ||
| 999 |
_c128925 _d128925 |
||